[Event "ICS rated blitz match"]
[Site "207.99.83.227"]
[Date "1999.05.01"]
[Round "?"]
[White "Hossa"]
[Black "brutus"]
[Result "1-0"]
[WhiteElo "2529"]
[BlackElo "2165"]
[PlyCount "111"]

1. e4 e6 2. d4 d5 3. e5 c5 4. c3 Nc6 5. Nf3 Bd7 6. Be2 cxd4 7. cxd4 Qb6 8. O-O
Nge7 9. Nc3 Nf5 10. Na4 Qd8 11. Bf4 Be7 12. g4 Nh4 13. Nxh4 Bxh4 14. Nc5 O-O
15. Nxb7 Qb6 16. Nc5 Rfd8 17. Qd2 Be7 18. Rac1 Be8 19. Rc3 Rab8 20. Rb3 Qa5 21.
Qxa5 Nxa5 22. Rxb8 Rxb8 23. Nd3 Nc4 24. b3 Na3 25. Rc1 Nb5 26. Be3 Rb7 27. Rc8
Kf8 28. a4 Rc7 29. Rxe8+ Kxe8 30. axb5 Rc3 31. Nc5 Bxc5 32. dxc5 Rxb3 33. c6
Ra3 34. Bxa7 Rxa7 35. b6 Ra1+ 36. Kg2 Kd8 37. g5 Kc8 38. h4 Ra2 39. g6 hxg6 40.
Bd3 Ra3 41. Bb5 Ra5 42. Bf1 Ra1 43. f4 Ra5 44. Kg1 Ra2 45. Bd3 Ra3 46. Bb5 Ra5
47. Bf1 Ra1 48. Kf2 Ra2+ 49. Ke3 Ra3+ 50. Kd4 Ra5 51. Be2 Kb8 52. Bd3 Ra4+ 53.
Kc5 Rxf4 54. c7+ Kb7 55. Ba6+ Kxa6 56. c8=Q+ {brutus resigns} 1-0

[Event "ICS rated blitz match"]
[Site "207.99.83.227"]
[Date "1999.05.01"]
[Round "?"]
[White "brutus"]
[Black "Hossa"]
[Result "0-1"]
[WhiteElo "2161"]
[BlackElo "2533"]
[PlyCount "46"]

1. e4 c5 2. Nf3 e6 3. d4 cxd4 4. Nxd4 a6 5. Nc3 Bb4 6. Bd3 Bxc3+ 7. bxc3 Ne7 8.
O-O d6 9. Rb1 O-O 10. f4 Qa5 11. Bd2 Qxa2 12. Qh5 g6 13. Qh6 Qa3 14. f5 f6 15.
fxe6 Nbc6 16. Bg5 Qxc3 17. Nxc6 Nxc6 18. Rb3 Qe5 19. e7 Nxe7 20. Bc4+ d5 21.
exd5 Qd4+ 22. Kh1 Qxc4 23. Rd3 23... Nf5 {brutus resigns} 0-1

[Event "ICS rated blitz match"]
[Site "207.99.83.227"]
[Date "1999.05.01"]
[Round "?"]
[White "Hossa"]
[Black "PostModernist"]
[Result "1-0"]
[WhiteElo "2536"]
[BlackElo "2564"]
[PlyCount "84"]

1. Nf3 Nf6 2. g3 d5 3. Bg2 c5 4. O-O Nc6 5. Nc3 d4 6. Nb5 a6 7. Na3 e5 8. Nc4
e4 9. Ng5 b5 10. Na3 Bf5 11. f3 exf3 12. Bxf3 Nd5 13. c4 dxc3 14. dxc3 Be6 15.
c4 bxc4 16. Nxc4 Be7 17. Nxe6 fxe6 18. Bg4 Nf6 19. Qa4 Qc7 20. Bxe6 a5 21. Bd2
Kf8 22. Bd5 Ra6 23. Qb5 Qc8 24. Bxa5 Nxa5 25. Nxa5 Ra7 26. Nc6 Rc7 27. e4 Qd7
28. e5 h6 29. Rad1 Rb7 30. exf6 gxf6 31. Qe2 Rc7 32. Nxe7 Qxe7 33. Rxf6+ Qxf6
34. Rf1 Qxf1+ 35. Qxf1+ Kg7 36. Qe2 Rhc8 37. Qe5+ Kg6 38. Be6 Re7 39. Qf5+ Kg7
40. Bxc8 Re8 41. Be6 Rf8 42. Qxc5 42... Rf7 {PostModernist resigns} 1-0

[Event "ICS rated blitz match"]
[Site "207.99.83.227"]
[Date "1999.05.01"]
[Round "?"]
[White "PostModernist"]
[Black "Hossa"]
[Result "1-0"]
[WhiteElo "2547"]
[BlackElo "2553"]
[PlyCount "92"]

1. e4 e5 2. Nf3 Nc6 3. Bb5 a6 4. Ba4 Nf6 5. O-O Be7 6. Re1 b5 7. Bb3 O-O 8. d3
d6 9. c3 Bg4 10. Nbd2 Qd7 11. h3 Bh5 12. g4 Nxg4 13. hxg4 Qxg4+ 14. Kf1 Bg5 15.
Nxg5 Qxg5 16. Nf3 Qg4 17. Ng1 Qh4 18. f3 a5 19. Qe2 Rac8 20. Qg2 Bg6 21. Bd5
Nb8 22. Bg5 Qh5 23. Be7 c6 24. Bxf8 Rxf8 25. Bb3 a4 26. Bd1 f5 27. Qh3 Qg5 28.
Bc2 fxe4 29. dxe4 a3 30. bxa3 Qd2 31. Bb3+ d5 32. Rad1 Qxc3 33. exd5 Bd3+ 34.
Kg2 Kh8 35. Ne2 Bxe2 36. Rxe2 c5 37. Bc2 h6 38. Rd3 Qb2 39. Qe6 c4 40. Rde3 Qd4
41. Rxe5 Qc3 42. Qf5 Rxf5 43. Re8+ Kh7 44. Bxf5+ g6 45. R2e7+ Qg7 46. Rxg7+
46... Kxg7 {Hossa resigns} 1-0

[Event "ICS rated blitz match"]
[Site "207.99.83.227"]
[Date "1999.05.01"]
[Round "?"]
[White "Hossa"]
[Black "oj"]
[Result "1-0"]
[WhiteElo "2537"]
[BlackElo "2281"]
[PlyCount "37"]

1. Nf3 c6 2. e4 d5 3. exd5 cxd5 4. Be2 Nc6 5. O-O e5 6. d4 e4 7. Ne5 Nxe5 8.
dxe5 Ne7 9. Nc3 Be6 10. Bg5 a6 11. Rb1 h6 12. Bf4 Ng6 13. Bg3 Bb4 14. Qd4 Bxc3
15. bxc3 b5 16. c4 dxc4 17. Qxe4 Qd5 18. Qe3 O-O 19. Bf3 {oj resigns} 1-0

[Event "ICS rated blitz match"]
[Site "207.99.83.227"]
[Date "1999.05.01"]
[Round "?"]
[White "oj"]
[Black "Hossa"]
[Result "0-1"]
[WhiteElo "2275"]
[BlackElo "2543"]
[PlyCount "46"]

1. d4 d5 2. Nf3 Nf6 3. Bg5 e6 4. Nbd2 Nbd7 5. e3 Bd6 6. c3 O-O 7. Bd3 e5 8.
dxe5 Nxe5 9. Nxe5 Bxe5 10. Nf3 Bd6 11. O-O h6 12. Bh4 c5 13. Qe2 Bg4 14. h3 Bd7
15. Rad1 Qe7 16. Bb1 Bc6 17. Qc2 g6 18. Rfe1 Rad8 19. Qd2 Bc7 20. e4 dxe4 21.
Qxh6 Rxd1 22. Rxd1 exf3 23. Qg5 23... Qe2 {oj resigns} 0-1

[Event "ICS rated blitz match"]
[Site "207.99.83.227"]
[Date "1999.05.01"]
[Round "?"]
[White "Hossa"]
[Black "PostModernist"]
[Result "1/2-1/2"]
[WhiteElo "2549"]
[BlackElo "2553"]
[PlyCount "111"]

1. Nf3 Nf6 2. g3 d5 3. Bg2 c6 4. d3 Bg4 5. Ne5 Bf5 6. O-O Nbd7 7. Bf4 Nxe5 8.
Bxe5 Ng4 9. Bc3 d4 10. Bd2 Qb6 11. b3 e6 12. h3 Nf6 13. e4 dxe3 14. Bxe3 Bc5
15. d4 Bd6 16. c4 Bb4 17. d5 Bc5 18. Bxc5 Qxc5 19. dxc6 bxc6 20. Nc3 O-O 21.
Qf3 Rac8 22. Rad1 Rfd8 23. Rxd8+ Rxd8 24. Qxc6 Qxc6 25. Bxc6 Bxh3 26. Rd1 Rxd1+
27. Nxd1 Bf5 28. Nc3 a5 29. a3 Ng4 30. Bb5 Ne5 31. b4 axb4 32. axb4 Bd3 33. f4
Nxc4 34. Bxc4 Bxc4 35. b5 e5 36. fxe5 f6 37. b6 Ba6 38. e6 Kf8 39. Na4 Ke7 40.
Nc5 Bc8 41. Kf2 h5 42. Ke3 g5 43. b7 Bxb7 44. Nxb7 Kxe6 45. Nd8+ Kf5 46. Kf3
Kg6 47. Nc6 f5 48. Ne7+ Kf6 49. Nd5+ Ke6 50. Nb4 h4 51. gxh4 gxh4 52. Kg2 f4
53. Nc6 h3+ 54. Kxh3 f3 55. Nd4+ Ke5 56. Nxf3+ {
Game drawn because neither player has mating material} 1/2-1/2

[Event "ICS rated blitz match"]
[Site "207.99.83.227"]
[Date "1999.05.01"]
[Round "?"]
[White "MissSilicon"]
[Black "Hossa"]
[Result "1-0"]
[WhiteElo "2508"]
[BlackElo "2549"]
[PlyCount "109"]

1. e4 c5 2. Nf3 e6 3. d4 cxd4 4. Nxd4 a6 5. Bd3 Nc6 6. Nxc6 dxc6 7. O-O Qc7 8.
Be3 Nf6 9. f4 Be7 10. Nd2 O-O 11. Nc4 Nd7 12. Qh5 b5 13. Nd2 Nf6 14. Qh3 e5 15.
f5 Bd7 16. Qg3 Rad8 17. Nf3 Bd6 18. Rad1 Bxf5 19. exf5 e4 20. Qh4 exd3 21. Rxd3
Rfe8 22. Bd4 Re4 23. Qh3 Qe7 24. Rfd1 Re2 25. R1d2 Re1+ 26. Kf2 Rh1 27. g3 Ne4+
28. Kg2 Nxd2 29. Qg4 Rxh2+ 30. Nxh2 Qe4+ 31. Qxe4 Nxe4 32. Kf3 Nxg3 33. Bb6
Nxf5 34. Bxd8 Bxh2 35. Ra3 Nd4+ 36. Kg2 Bf4 37. Rxa6 h6 38. c3 Ne6 39. Ba5 c5
40. Rb6 g6 41. Rxb5 Bd2 42. Bb6 c4 43. a4 f6 44. a5 Nf4+ 45. Kh1 Ne2 46. a6 Kg7
47. a7 Ng3+ 48. Kg2 Bf4 49. Bf2 f5 50. Bd4+ Kf7 51. Rb7+ Bc7 52. Rxc7+ Ke6 53.
a8=Q Ne4 54. Qe8+ Kd5 55. Qc6# {Hossa checkmated} 1-0

[Event "ICS rated blitz match"]
[Site "207.99.83.227"]
[Date "1999.05.01"]
[Round "?"]
[White "Hossa"]
[Black "inmortal"]
[Result "1-0"]
[WhiteElo "2531"]
[BlackElo "2441"]
[PlyCount "53"]

1. e4 e5 2. Nf3 Nc6 3. Bb5 a6 4. Ba4 Nf6 5. O-O b5 6. Bb3 Be7 7. Ng5 O-O 8. f4
d6 9. Nxf7 Rxf7 10. Bxf7+ Kxf7 11. fxe5 dxe5 12. d3 Kg8 13. Nc3 Bc5+ 14. Kh1
Ng4 15. Qf3 Be6 16. Qg3 Nd4 17. Rb1 Nxc2 18. h3 Nce3 19. Rf3 Qg5 20. hxg4 Bxg4
21. Bxe3 Qh5+ 22. Kg1 Bxf3 23. Bxc5 Bg4 24. Nd5 h6 25. Rf1 Rd8 26. Rf5 Qg6 27.
Ne7+ {inmortal resigns} 1-0

[Event "ICS rated blitz match"]
[Site "207.99.83.227"]
[Date "1999.05.01"]
[Round "?"]
[White "inmortal"]
[Black "Hossa"]
[Result "0-1"]
[WhiteElo "2429"]
[BlackElo "2543"]
[PlyCount "58"]

1. e4 e5 2. Nf3 Nc6 3. Bc4 Nf6 4. Ng5 d5 5. exd5 Nxd5 6. d4 exd4 7. O-O f6 8.
Re1+ Be7 9. Ne6 Bxe6 10. Rxe6 Ne5 11. Rxe5 fxe5 12. Qh5+ Kf8 13. Qxe5 Nb6 14.
Bb3 Bf6 15. Qe4 Qe7 16. Nd2 c5 17. a4 Qxe4 18. Nxe4 c4 19. Ba2 Re8 20. f3 d3
21. cxd3 cxd3 22. Be3 Nxa4 23. Bb3 b5 24. Kf2 Bxb2 25. Ra2 Be5 26. Nc5 Re7 27.
Nxa4 bxa4 28. Rxa4 Ke8 29. Bxa7 29... Rxa7 {inmortal resigns} 0-1

[Event "ICS rated blitz match"]
[Site "207.99.83.227"]
[Date "1999.05.01"]
[Round "?"]
[White "Hossa"]
[Black "inmortal"]
[Result "1/2-1/2"]
[WhiteElo "2554"]
[BlackElo "2430"]
[PlyCount "148"]

1. e4 e5 2. Nf3 Nc6 3. Bb5 a6 4. Ba4 Nf6 5. O-O b5 6. Bb3 Be7 7. Ng5 O-O 8. f4
d6 9. Nxf7 Rxf7 10. Bxf7+ Kxf7 11. fxe5 dxe5 12. d3 Kg8 13. Nc3 Bc5+ 14. Kh1
Bg4 15. Qe1 Nd4 16. Qd2 Qe7 17. b3 c6 18. Bb2 Qf7 19. a3 Rf8 20. Bc1 Qh5 21. b4
Bb6 22. a4 Bc8 23. axb5 axb5 24. Ra8 Bb7 25. Rxf8+ Kxf8 26. Qf2 Ke7 27. Qg3 Ne6
28. Rf5 Qg6 29. Qxg6 hxg6 30. Rf1 Nd4 31. Be3 Ng4 32. Bg1 Bc7 33. h3 Nf6 34.
Bxd4 exd4 35. Ne2 Be5 36. g4 Bc8 37. Ng1 Be6 38. Nf3 Kd6 39. Re1 Bf7 40. Kg2
Nd7 41. Kf2 Nb6 42. h4 Na4 43. Kg2 Nc3 44. Kh3 Na2 45. Rb1 Be6 46. Ng5 Ke7 47.
Nxe6 Kxe6 48. Rb2 Nc3 49. g5 Bd6 50. Kg4 Nd1 51. Ra2 Ne3+ 52. Kf3 Bxb4 53. Ra6
Kd6 54. Ra7 Nxc2 55. Rxg7 c5 56. Rxg6+ Ke7 57. Rb6 c4 58. Rxb5 cxd3 59. Rb7+
Kf8 60. Rd7 Be7 61. e5 Ke8 62. e6 Bc5 63. g6 Kf8 64. Rf7+ Kg8 65. e7 Bxe7 66.
Rxe7 Ne3 67. Rxe3 dxe3 68. Kxe3 Kg7 69. h5 d2 70. Kxd2 Kh6 71. Ke2 Kg7 72. Kf3
Kh6 73. Kg4 Kg7 74. Kg5 74... Kg8 {
Hossa ran out of time and inmortal has no material to mate} 1/2-1/2

[Event "ICS rated blitz match"]
[Site "207.99.83.227"]
[Date "1999.05.01"]
[Round "?"]
[White "Hossa"]
[Black "Krell"]
[Result "1/2-1/2"]
[WhiteElo "2549"]
[BlackElo "2414"]
[PlyCount "139"]

1. Nf3 d5 2. c4 e6 3. e3 c5 4. Nc3 Nc6 5. cxd5 exd5 6. d4 c4 7. e4 dxe4 8. Nxe4
Bb4+ 9. Nc3 Be6 10. Be2 Qa5 11. O-O Bxc3 12. bxc3 Qxc3 13. Bg5 h6 14. Bh4 Qa5
15. Qb1 Qd5 16. Qb2 b5 17. Rfe1 b4 18. Qc2 Kf8 19. Qa4 g5 20. Bg3 Nge7 21. Ne5
Qa5 22. Qxa5 Nxa5 23. Rab1 b3 24. axb3 c3 25. b4 c2 26. Rbc1 Nb3 27. Rxc2 Nxd4
28. Rd2 Nxe2+ 29. Rexe2 Rc8 30. f4 Rc1+ 31. Kf2 Ke8 32. fxg5 hxg5 33. Nd3 Rb1
34. Bd6 Rh6 35. Bxe7 Kxe7 36. Ra2 Kf8 37. Rxa7 Rxh2 38. Kg3 Rh4 39. Ra8+ Kg7
40. Re5 Rd4 41. Ra3 Rg4+ 42. Kf2 Bc4 43. Kf3 Rd4 44. Nf2 f6 45. Re7+ Kf8 46.
Rc7 Bd5+ 47. Ke3 Rdxb4 48. Raa7 R1b3+ 49. Nd3 Bb7 50. g4 Re4+ 51. Kd2 Rd4 52.
Rc3 Rb2+ 53. Kc1 Rb5 54. Nc5 Bd5 55. Rd7 Rc4 56. Rxc4 Bxc4 57. Ne4 Be6 58. Rc7
Bxg4 59. Nxf6 Bf5 60. Kd1 Rb6 61. Nd7+ Bxd7 62. Rxd7 Re6 63. Rd2 Ke7 64. Re2
Rxe2 65. Kxe2 g4 66. Kf2 g3+ 67. Kg2 Kf6 68. Kh1 g2+ 69. Kh2 g1=Q+ 70. Kxg1 {
Game drawn because neither player has mating material} 1/2-1/2

[Event "ICS rated blitz match"]
[Site "207.99.83.227"]
[Date "1999.05.01"]
[Round "?"]
[White "Hossa"]
[Black "inmortal"]
[Result "0-1"]
[WhiteElo "2554"]
[BlackElo "2429"]
[PlyCount "72"]

1. e4 e5 2. Nf3 Nc6 3. Bc4 Nf6 4. Ng5 d5 5. exd5 Na5 6. Bb5+ c6 7. dxc6 bxc6 8.
Be2 h6 9. Nf3 e4 10. Ne5 Bd6 11. d4 exd3 12. Nxd3 Qc7 13. g3 O-O 14. O-O Bh3
15. Re1 Rfe8 16. b3 Rad8 17. c3 Ne4 18. b4 Nc4 19. Qb3 Nxg3 20. hxg3 Bxg3 21.
Kh1 Rxd3 22. Qxc4 Rxe2 23. Bd2 Qe7 24. Na3 Rdxd2 25. Rxe2 Rxe2 26. Nc2 Bxf2 27.
a4 Bg3 28. Qxc6 Rxc2 29. Qa8+ Kh7 30. Qf3 Qg5 31. Qd3+ Bf5 32. Qxc2 Bxc2 33.
Re1 Qh4+ 34. Kg2 Bxe1 35. c4 Be4+ 36. Kf1 36... Qf2# {Hossa checkmated} 0-1

[Event "ICS rated blitz match"]
[Site "207.99.83.227"]
[Date "1999.05.01"]
[Round "?"]
[White "Krell"]
[Black "Hossa"]
[Result "1-0"]
[WhiteElo "2432"]
[BlackElo "2532"]
[PlyCount "74"]

1. e4 e5 2. Nf3 Nc6 3. Bb5 a6 4. Ba4 Nf6 5. O-O b5 6. Bb3 Be7 7. d3 O-O 8. a4
Bb7 9. Nc3 b4 10. Nd5 Nxd5 11. Bxd5 Bd6 12. Be3 Qf6 13. Kh1 Na5 14. Bg5 Qg6 15.
Ba2 Nc6 16. Bd2 Rae8 17. Nh4 Qf6 18. Qh5 Be7 19. Nf5 Bd8 20. Qh3 Qg6 21. Ne3
Bc8 22. Bd5 Bf6 23. Ng4 a5 24. Nxf6+ Qxf6 25. f4 exf4 26. Bxf4 Qxb2 27. Bxc7
Qxc2 28. Bd6 Ne7 29. Bc4 Qe2 30. Rae1 Qc2 31. Qh5 Kh8 32. Rxf7 Ng6 33. Bxf8
Nxf8 34. Ref1 Ne6 35. Bxe6 Qb1 36. Rxb1 dxe6 37. Rxg7 37... Kxg7 {Hossa resigns
} 1-0

[Event "ICS rated blitz match"]
[Site "207.99.83.227"]
[Date "1999.05.01"]
[Round "?"]
[White "Hossa"]
[Black "sicillianknight"]
[Result "0-1"]
[WhiteElo "2512"]
[BlackElo "2646"]
[PlyCount "133"]

1. e4 e5 2. Nf3 Nf6 3. Nxe5 d6 4. Nf3 Nxe4 5. Bb5+ c6 6. Be2 Be7 7. O-O O-O 8.
Re1 Re8 9. d4 Bf5 10. Nbd2 Bf6 11. c4 d5 12. Qb3 Qd7 13. cxd5 cxd5 14. Nxe4
dxe4 15. Ne5 Bxe5 16. dxe5 Nc6 17. Rd1 Nd4 18. Qc4 Nxe2+ 19. Qxe2 Qe6 20. Bf4
Bg4 21. f3 exf3 22. gxf3 Bh5 23. Qg2 Rac8 24. Rd4 Rc4 25. Bh6 Bg6 26. Rxc4 Qxc4
27. Be3 Rxe5 28. Bxa7 Bb1 29. Qd2 Re8 30. Bb6 Qc6 31. Ba7 Bf5 32. Qf2 Bh3 33.
Bd4 Rd8 34. Be3 Rd6 35. Qg3 Bd7 36. Rc1 Qd5 37. Kf2 Re6 38. Rc7 Qb5 39. b3 h6
40. Qf4 Be8 41. Qd4 Qh5 42. h4 Bc6 43. Qg4 Qe5 44. Rc8+ Kh7 45. Qf4 Qb2+ 46.
Kg1 Rg6+ 47. Kf1 Rf6 48. Qd4 Bb5+ 49. Rc4 Bxc4+ 50. bxc4 Rxf3+ 51. Ke1 Qxd4 52.
Bxd4 Rf4 53. Bf2 Rxc4 54. Kd2 Ra4 55. a3 Rxa3 56. Ke2 g5 57. hxg5 hxg5 58. Be3
Rxe3+ 59. Kxe3 f5 60. Ke2 b5 61. Ke3 f4+ 62. Ke2 g4 63. Kd3 f3 64. Ke3 b4 65.
Kd4 f2 66. Ke4 f1=Q 67. Kd5 {Hossa resigns} 0-1

[Event "ICS Rated blitz match"]
[Site "207.99.83.227"]
[Date "1999.05.01"]
[Round "?"]
[White "Hossa"]
[Black "sicillianknight"]
[Result "1-0"]
[WhiteElo "2525"]
[BlackElo "2619"]
[PlyCount "67"]

1. e4 e5 2. Nf3 Nf6 3. d4 Nxe4 4. Bd3 d5 5. Nxe5 Nd7 6. O-O Nxe5 7. dxe5 Nc5 8.
Be2 c6 9. Nd2 Be7 10. Nb3 O-O 11. Be3 Ne4 12. f3 Ng5 13. Qe1 Bf5 14. Bd3 Bxd3
15. cxd3 a5 16. Rc1 a4 17. Nd4 a3 18. b3 Re8 19. Qg3 g6 20. h4 c5 21. hxg5 cxd4
22. Bxd4 Bxg5 23. f4 Bh4 24. Qh3 b5 25. Rc5 b4 26. Rc6 Be7 27. e6 f6 28. f5 Rf8
29. fxg6 hxg6 30. Qh6 Qe8 31. Rf3 Bd6 32. Rh3 Bh2+ 33. Rxh2 Qxc6 34. Qxg6# {
sicillianknight checkmated} 1-0

[Event "ICS rated blitz match"]
[Site "207.99.83.227"]
[Date "1999.05.01"]
[Round "?"]
[White "xypher"]
[Black "Hossa"]
[Result "1-0"]
[WhiteElo "2714"]
[BlackElo "2545"]
[PlyCount "90"]

1. e4 e5 2. Nf3 Nf6 3. d4 exd4 4. e5 Ne4 5. Qxd4 f5 6. exf6 Nxf6 7. Be2 Nc6 8.
Qe3+ Be7 9. O-O O-O 10. Ne5 Nxe5 11. Qxe5 d6 12. Qc3 d5 13. Qd3 Be6 14. Nc3 Qd7
15. Bf3 Rae8 16. Bf4 c5 17. Rfe1 d4 18. Nb5 Nd5 19. Bg3 Nb4 20. Qe2 Bf5 21. Nc7
Nxc2 22. Bd5+ Kh8 23. Nxe8 Rxe8 24. Bf7 Rd8 25. Qxe7 Qxe7 26. Rxe7 Nxa1 27. Bc7
Rf8 28. Be5 h6 29. Bd5 Rf6 30. Bxf6 gxf6 31. Rxb7 Nc2 32. Rf7 Nb4 33. Rxf6 Nxd5
34. Rxf5 Nb4 35. Rxc5 Nxa2 36. Ra5 Nc1 37. Rxa7 Nd3 38. Rd7 Nxb2 39. Rxd4 h5
40. Kf1 Kg7 41. Ke2 Kf6 42. Rb4 Ke6 43. Rxb2 Kf6 44. h4 Kg7 45. Rb5 45... Kg6 {
Hossa resigns} 1-0

[Event "ICS rated blitz match"]
[Site "207.99.83.227"]
[Date "1999.05.01"]
[Round "?"]
[White "achia"]
[Black "Hossa"]
[Result "0-1"]
[WhiteElo "2173"]
[BlackElo "2536"]
[PlyCount "48"]

1. d4 d5 2. c4 c6 3. Nf3 dxc4 4. a4 Be6 5. e4 Nf6 6. Nc3 Qa5 7. Qc2 Na6 8. Ng5
Nb4 9. Qb1 Qa6 10. Nxe6 fxe6 11. Be2 Nd3+ 12. Kf1 e5 13. Be3 exd4 14. Bxd4 e5
15. Be3 Bb4 16. Na2 Ba5 17. b4 Bb6 18. b5 Qa5 19. Bxd3 cxd3 20. Qxd3 Qxa4 21.
bxc6 bxc6 22. f3 Rd8 23. Qc3 Qb5+ 24. Kf2 24... Rd3 {achia resigns} 0-1

[Event "ICS rated blitz match"]
[Site "207.99.83.227"]
[Date "1999.05.01"]
[Round "?"]
[White "Hossa"]
[Black "Krell"]
[Result "0-1"]
[WhiteElo "2540"]
[BlackElo "2450"]
[PlyCount "65"]

1. e4 e5 2. Nf3 Nc6 3. Bb5 a6 4. Ba4 Nf6 5. O-O Be7 6. Re1 b5 7. Bb3 d6 8. a4
Bg4 9. axb5 axb5 10. Rxa8 Qxa8 11. Na3 b4 12. Nb5 Qb7 13. c4 Na5 14. Ba2 Bxf3
15. Qa4 c6 16. Qxa5 Bxe4 17. d3 Bxd3 18. Qc7 Qxc7 19. Nxc7+ Kd7 20. Na6 d5 21.
Rxe5 Bd6 22. Re3 dxc4 23. Rxd3 cxd3 24. Bxf7 Ne4 25. Be3 Ra8 26. f3 d2 27. Bb3
Rxa6 28. fxe4 Ra1+ 29. Kf2 d1=Q 30. Bxd1 Rxd1 31. Ke2 Rh1 32. Bd4 Rxh2 33. Kf3
{Hossa resigns} 0-1

[Event "ICS Rated blitz match"]
[Site "207.99.83.227"]
[Date "1999.05.01"]
[Round "?"]
[White "Krell"]
[Black "Hossa"]
[Result "0-1"]
[WhiteElo "2470"]
[BlackElo "2520"]
[PlyCount "112"]

1. e4 e5 2. Nf3 Nc6 3. Bb5 a6 4. Ba4 Nf6 5. O-O Be7 6. Re1 b5 7. Bb3 d6 8. c3
Bg4 9. h3 Bh5 10. d3 O-O 11. g4 Bg6 12. g5 Nh5 13. Bd5 Qe8 14. Nh4 Kh8 15. Nf5
Bd8 16. a4 b4 17. cxb4 Rb8 18. b5 axb5 19. Bd2 Bxf5 20. exf5 g6 21. a5 Ne7 22.
Bf3 Nxf5 23. a6 c6 24. Bxh5 gxh5 25. Qxh5 Ra8 26. Ra2 Qe6 27. Ra3 Nd4 28. Bb4
Rg8 29. f4 Nc2 30. d4 Nxb4 31. h4 Nc2 32. Re2 Nxa3 33. Nxa3 e4 34. Nc2 Rxa6 35.
Kh2 Qf5 36. Rf2 Qg6 37. Qxg6 fxg6 38. Nb4 Ra4 39. Nxc6 Rc4 40. Na7 d5 41. Nxb5
Rb4 42. Na7 Rxd4 43. Nc6 Rd1 44. Nxd8 Rxd8 45. Re2 Re8 46. h5 d4 47. Kg2 d3 48.
Kf2 gxh5 49. b3 Rh1 50. Ke3 Rh3+ 51. Kd2 dxe2 52. g6 Ra8 53. g7+ Kxg7 54. b4
Ra2+ 55. Ke1 Rh1+ 56. Kf2 56... e1=Q# {Krell checkmated} 0-1

[Event "ICS rated blitz match"]
[Site "207.99.83.227"]
[Date "1999.05.01"]
[Round "?"]
[White "Hossa"]
[Black "Krell"]
[Result "1-0"]
[WhiteElo "2534"]
[BlackElo "2456"]
[PlyCount "135"]

1. d4 Nf6 2. c4 e6 3. Nc3 Bb4 4. Qc2 O-O 5. Bg5 b6 6. e4 h6 7. Bxf6 Qxf6 8. Nf3
Ba6 9. Bd3 Nc6 10. a3 Bxc3+ 11. Qxc3 Qf4 12. O-O d6 13. Qc1 Qf6 14. Qe3 e5 15.
dxe5 Nxe5 16. Nxe5 Qxe5 17. b4 Rfe8 18. Rae1 Qb2 19. Rd1 Bb7 20. Bb1 a5 21. b5
Qe5 22. Rd4 Re7 23. Kh1 Rae8 24. Kg1 Re6 25. Bc2 Rg6 26. Kh1 Rg4 27. f4 Qc5 28.
Bd1 Rh4 29. Qd3 Re6 30. g3 Rxe4 31. Rxe4 f5 32. Bf3 fxe4 33. Bxe4 Qf5 34. Bd5+
Bxd5+ 35. Qxd5+ Qxd5+ 36. cxd5 Rh5 37. Rd1 g5 38. a4 gxf4 39. gxf4 Rf5 40. Rd4
Kf7 41. Kg2 Rh5 42. Rd2 Kf6 43. Kg3 Kg6 44. Kg4 Rf5 45. Kf3 Rf7 46. Re2 Kf5 47.
h4 Kg6 48. Kg4 h5+ 49. Kf3 Rh7 50. Rg2+ Kf7 51. f5 Kf6 52. Kf4 Ke7 53. Rg6 Kd8
54. Kg5 Ke7 55. f6+ Kf8 56. Rh6 Rxh6 57. Kxh6 Kf7 58. Kg5 Kf8 59. Kg6 Ke8 60.
f7+ Ke7 61. Kg7 Kd8 62. f8=Q+ Kd7 63. Qf7+ Kc8 64. Qxh5 Kb8 65. Qh8+ Ka7 66.
Qc8 c5 67. bxc6 b5 68. Qb7# {Krell checkmated} 1-0

[Event "ICS rated blitz match"]
[Site "207.99.83.227"]
[Date "1999.05.01"]
[Round "?"]
[White "Krell"]
[Black "Hossa"]
[Result "1-0"]
[WhiteElo "2444"]
[BlackElo "2546"]
[PlyCount "44"]

1. e4 e5 2. f4 exf4 3. Nf3 Nc6 4. d4 Nf6 5. d5 Ne7 6. Bxf4 Nxe4 7. Qe2 f5 8.
Nc3 Nxc3 9. bxc3 d6 10. Nd4 Rb8 11. Bg5 c6 12. dxc6 Qc7 13. Nb5 Qxc6 14. O-O-O
Kf7 15. Rxd6 Qe4 16. Qxe4 fxe4 17. Bc4+ Be6 18. Rxe6 Ke8 19. Rd1 Rc8 20. Rxe4
Rc6 21. Nd6+ Kd8 22. Nf7+ 22... Kc7 {Hossa resigns} 1-0

[Event "ICS rated blitz match"]
[Site "207.99.83.227"]
[Date "1999.05.01"]
[Round "?"]
[White "Hossa"]
[Black "Krell"]
[Result "1/2-1/2"]
[WhiteElo "2525"]
[BlackElo "2465"]
[PlyCount "172"]

1. d4 e5 2. dxe5 Nc6 3. Nf3 Qe7 4. Qd5 d6 5. Bg5 f6 6. exf6 Nxf6 7. Qb3 Qe6 8.
Bxf6 gxf6 9. e3 Qxb3 10. axb3 Bf5 11. c3 Rg8 12. Nbd2 a6 13. Ra4 Ne5 14. Rf4
Nd3+ 15. Bxd3 Bxd3 16. Rd4 Bc2 17. O-O O-O-O 18. e4 Bh6 19. Ra1 Rde8 20. Ne1
Bxd2 21. Nxc2 Bh6 22. Rc4 Kd7 23. Rd1 Bf4 24. h4 Rg4 25. g3 Bh6 26. Rb4 Kc8 27.
Re1 Bd2 28. Re2 Bc1 29. Ne1 h5 30. Nd3 Bh6 31. Rd4 f5 32. e5 dxe5 33. Rxg4 fxg4
34. Rxe5 Rxe5 35. Nxe5 Bf8 36. Nd3 Bd6 37. Kg2 Kd7 38. f4 Ke6 39. b4 b6 40. Kf2
Be7 41. Ke3 Kf5 42. Ne5 Bf6 43. Nc6 Ke6 44. Ke4 Kd6 45. Nb8 a5 46. b5 a4 47.
Nc6 a3 48. bxa3 Bxc3 49. Kf5 Be1 50. Kg6 Bxg3 51. Kxh5 Bxf4 52. Kxg4 Bc1 53. a4
Ke6 54. h5 Bh6 55. Nd4+ Kf6 56. Ne2 Ke5 57. Ng3 Bc1 58. Nf5 Kf6 59. Nh4 Ke6 60.
Ng6 Bh6 61. Nf4+ Ke5 62. Ne2 Be3 63. Kf3 Bd2 64. Ng3 Bh6 65. Ke2 Kf4 66. Kf2
Kg4 67. Ne2 Kxh5 68. Kf3 Kg6 69. Ke4 Kf6 70. Nd4 Bd2 71. Nc6 Ke6 72. Kd3 Be1
73. Ke2 Bc3 74. Ke3 Kd5 75. Kd3 Be1 76. Ke2 Bc3 77. Ke3 Kc4 78. Nd8 Kb4 79. Kd3
Bf6 80. Ne6 Be5 81. Ke4 Kxa4 82. Kxe5 Kxb5 83. Kd5 c5 84. Ke5 Kc4 85. Ng5 b5
86. Ne4 86... b4 {Krell ran out of time and Hossa has no material to mate}
1/2-1/2

[Event "ICS rated blitz match"]
[Site "207.99.83.227"]
[Date "1999.05.01"]
[Round "?"]
[White "SMJT"]
[Black "Hossa"]
[Result "0-1"]
[WhiteElo "2196"]
[BlackElo "2522"]
[PlyCount "30"]

1. d4 d5 2. Nf3 e6 3. c4 dxc4 4. Nc3 Bb4 5. Qa4+ Nc6 6. Ne5 Qxd4 7. Nxc6 Bxc3+
8. bxc3 Qxc3+ 9. Kd1 Qxa1 10. Ne5+ c6 11. f4 f6 12. Nf3 b5 13. Qc2 Ne7 14. e4
O-O 15. Be2 15... f5 {SMJT resigns} 0-1

[Event "ICS Rated blitz match"]
[Site "207.99.83.227"]
[Date "1999.05.01"]
[Round "?"]
[White "sicillianknight"]
[Black "Hossa"]
[Result "1-0"]
[WhiteElo "2599"]
[BlackElo "2526"]
[PlyCount "122"]

1. e4 e5 2. Nf3 Nc6 3. Bb5 a6 4. Ba4 Nf6 5. O-O Be7 6. Re1 b5 7. Bb3 d6 8. c3
Bg4 9. d3 O-O 10. Nbd2 Qd7 11. Bc2 Bh5 12. Qe2 Qg4 13. a4 b4 14. Nc4 bxc3 15.
bxc3 Rab8 16. Ne3 Qg6 17. Nf5 Bd8 18. Ng3 Bg4 19. Nh4 Bxe2 20. Nxg6 Bxd3 21.
Bxd3 fxg6 22. Bc4+ Kh8 23. Bxa6 Be7 24. Ba3 Rb3 25. Reb1 Rbb8 26. Bd3 Ng4 27.
f3 Nf6 28. Rxb8 Rxb8 29. Bc4 Na5 30. Be6 Nc6 31. Kf2 Nd8 32. Bc4 Nc6 33. Ke2
Na5 34. Bf7 Rf8 35. Be6 h5 36. Rd1 h4 37. Nf1 Nc6 38. Ne3 Ra8 39. Bb3 Rf8 40.
Nd5 Nxd5 41. Bxd5 Nd8 42. a5 c6 43. Bc4 Nb7 44. a6 Na5 45. Bd3 c5 46. Rb1 c4
47. Bc2 Rd8 48. Rb5 Nc6 49. Rb6 Rc8 50. Ba4 Nd8 51. Bxd6 Bxd6 52. Rxd6 h3 53.
gxh3 Nf7 54. Rxg6 Nd8 55. a7 Ra8 56. Ra6 g5 57. Bb5 Kh7 58. Bxc4 Nc6 59. Rxc6
Rxa7 60. Kd2 Rb7 61. Re6 61... Rb2+ {Hossa resigns} 1-0

[Event "ICS rated blitz match"]
[Site "207.99.83.227"]
[Date "1999.05.01"]
[Round "?"]
[White "Hossa"]
[Black "SMJT"]
[Result "1-0"]
[WhiteElo "2513"]
[BlackElo "2187"]
[PlyCount "89"]

1. e4 e5 2. Nf3 Nc6 3. Bb5 a6 4. Ba4 Nf6 5. O-O Be7 6. Re1 b5 7. Bb3 O-O 8. d3
Bb7 9. Nc3 d6 10. a4 Na5 11. Ba2 b4 12. Nd5 Bxd5 13. Bxd5 c6 14. Ba2 Rb8 15. d4
Qc7 16. Qd3 c5 17. Qxa6 c4 18. dxe5 dxe5 19. b3 c3 20. Bb1 Bc5 21. Bg5 Nd7 22.
Rd1 Nc6 23. Qc4 Nd4 24. Nxd4 exd4 25. Be7 d3 26. Bxf8 d2 27. Be7 Qe5 28. Bxc5
Nxc5 29. f3 g5 30. Kh1 h5 31. a5 g4 32. a6 Ne6 33. fxg4 hxg4 34. Qd5 Qf4 35. a7
Rf8 36. a8=Q g3 37. Qab7 Qh4 38. h3 Nf4 39. Qf5 Ng6 40. Qbxf7+ Rxf7 41. Qxg6+
Kf8 42. Ra8+ Ke7 43. Ra7+ Ke8 44. Qxf7+ Kd8 45. Qd7# {SMJT checkmated} 1-0